[Event "NJSK 2019 Jeugd C"]
[Site "Assen, Netherlands"]
[Date "2019.04.30"]
[Round "4.9"]
[White "De Heij, Mees"]
[Black "Klaren, Duncan"]
[Result "1/2-1/2"]
[WhiteElo "1524"]
[BlackElo "1980"]
[PlyCount "73"]
[EventDate "2019.??.??"]

1. d4 Nf6 2. c4 c5 3. e3 e6 4. Nc3 d5 5. Nf3 Nc6 6. Be2 Be7 7. h3 b6 8. b3 Bb7
9. Bb2 O-O 10. O-O Rc8 11. Qd2 Qc7 12. Rac1 Qb8 13. Rfd1 Rfd8 14. Qc2 Na5 15.
Nd2 dxc4 16. Nxc4 Nc6 17. dxc5 Bxc5 18. Bf1 a6 19. Ne4 Nxe4 20. Qxe4 Ne7 21.
Qg4 Ng6 22. h4 Rxd1 23. Rxd1 h5 24. Qxh5 Be7 25. Bd3 Rc5 26. Be5 Nf8 27. b4 Rb5
28. a4 Rxe5 29. Nxe5 g6 30. Nxg6 fxg6 31. Bxg6 Qc8 32. Bf7+ Kg7 33. Rd4 Qc1+
34. Kh2 Bd6+ 35. Rxd6 Qc7 36. Qe5+ Kxf7 37. h5 1/2-1/2

[Event "NJSK 2019 Jeugd C"]
[Site "Assen, Netherlands"]
[Date "2019.04.30"]
[Round "4.10"]
[White "Dekker, Thiemen"]
[Black "Van Foreest, Nanne"]
[Result "1-0"]
[WhiteElo "1521"]
[BlackElo "1790"]
[PlyCount "105"]
[EventDate "2019.??.??"]

1. e4 e5 2. Nf3 Nc6 3. Bc4 Nf6 4. d3 Bc5 5. O-O d6 6. a4 a5 7. Nbd2 Bg4 8. Re1
O-O 9. h3 Bh5 10. c3 Ba7 11. Nf1 Re8 12. Ng3 Bg6 13. Ba2 h6 14. Be3 d5 15. Bxa7
Rxa7 16. Qb3 dxe4 17. dxe4 Nd7 18. Rad1 Qe7 19. Nh4 Nf8 20. Nxg6 Nxg6 21. Nf5
Qe6 22. Qxe6 fxe6 23. Rd7 Nf8 24. Rxc7 Kh8 25. Nxg7 Rd8 26. Nxe6 Nxe6 27. Bxe6
Rd2 28. Bd5 Ra6 29. Rxb7 h5 30. Bxc6 Rxc6 31. Re3 Rd1+ 32. Kh2 Rd2 33. Rf3 Kg8
34. Rf5 Re6 35. Kg3 Rg6+ 36. Kh4 Rxg2 37. Rxe5 Kf8 38. Rxa5 Rd8 39. Rxh5 Kg8
40. Rg5+ Rxg5 41. Kxg5 Kh8 42. a5 Rg8+ 43. Kf6 Rf8+ 44. Ke5 Re8+ 45. Kd4 Rd8+
46. Ke3 Ra8 47. b4 Kg8 48. f4 Kf8 49. h4 Kg8 50. h5 Kh8 51. f5 Rc8 52. a6 Ra8
53. a7 1-0

[Event "NJSK 2019 Jeugd C"]
[Site "Assen, Netherlands"]
[Date "2019.04.30"]
[Round "4.12"]
[White "Franke, Daniel"]
[Black "Van Arendonk, Polle"]
[Result "1/2-1/2"]
[WhiteElo "1465"]
[BlackElo "1803"]
[PlyCount "91"]
[EventDate "2019.??.??"]

1. d4 Nf6 2. c4 g6 3. Nc3 d5 4. Nf3 Bg7 5. e3 O-O 6. Bd3 c5 7. O-O cxd4 8. Nxd4
Nc6 9. Nf3 Bg4 10. cxd5 Nxd5 11. Nxd5 Qxd5 12. Be2 Qxd1 13. Rxd1 Rfd8 14. Bd2
Rd6 15. h3 Bf5 16. Bc3 Bxc3 17. bxc3 Rad8 18. Nd4 Nxd4 19. cxd4 Rc8 20. Bd3
Bxd3 21. Rxd3 Rdc6 22. Rb1 Rc1+ 23. Rxc1 Rxc1+ 24. Kh2 Rc2 25. Ra3 a6 26. Kg3
e6 27. Kf3 Kg7 28. g4 Kf6 29. Ra5 g5 30. Kg3 Rc3 31. a4 h6 32. Kf3 Ke7 33. Rc5
Rxc5 34. dxc5 Kd7 35. Ke4 Kc6 36. Kd4 e5+ 37. Kc4 f6 38. e4 b6 39. cxb6 Kxb6
40. f3 Ka5 41. Kb3 Kb6 42. Kc4 Ka5 43. Kb3 Kb6 44. Kb4 a5+ 45. Kb3 Kc5 46. Kc3
1/2-1/2

[Event "NJSK 2019 Jeugd C"]
[Site "Assen, Netherlands"]
[Date "2019.05.01"]
[Round "5.11"]
[White "Bakija, Alan"]
[Black "Van Foreest, Nanne"]
[Result "1-0"]
[WhiteElo "1580"]
[BlackElo "1790"]
[PlyCount "77"]
[EventDate "2019.??.??"]

1. Nf3 d5 2. g3 Nf6 3. Bg2 e6 4. O-O Be7 5. d4 O-O 6. c4 dxc4 7. Nbd2 c5 8.
Nxc4 Nc6 9. dxc5 Bxc5 10. Be3 Bxe3 11. Nxe3 Qe7 12. Qb3 e5 13. Rfd1 Be6 14. Qc3
Ne4 15. Qc2 f5 16. a3 Rac8 17. Qa4 a6 18. Rac1 Qf7 19. Nd2 Nxd2 20. Rxd2 e4 21.
Qd1 Bb3 22. Qe1 Rfd8 23. Rxd8+ Rxd8 24. Qc3 Nd4 25. Kf1 Qh5 26. Re1 f4 27. gxf4
Qxh2 28. Bxe4 Qxf4 29. Qd3 Rf8 30. f3 Ne6 31. Ng2 Qe5 32. Kg1 Nc5 33. Qe3 Be6
34. Bxh7+ Kxh7 35. Qxe5 b6 36. Kf2 Rf5 37. Rh1+ Kg6 38. Nh4+ Kg5 39. Nxf5 1-0

[Event "NJSK 2019 Jeugd C"]
[Site "Assen, Netherlands"]
[Date "2019.05.01"]
[Round "5.12"]
[White "Van Arendonk, Polle"]
[Black "De Putter, Sven"]
[Result "1-0"]
[WhiteElo "1803"]
[BlackElo "1381"]
[PlyCount "93"]
[EventDate "2019.??.??"]

1. e4 e5 2. Nf3 Nc6 3. Bb5 a6 4. Bxc6 dxc6 5. O-O Bg4 6. h3 Bxf3 7. Qxf3 Nf6 8.
d3 h6 9. Be3 Bd6 10. Nc3 Qe7 11. d4 O-O-O 12. Rfd1 Kb8 13. Rd2 h5 14. Rad1 Rh7
15. Bg5 Rdh8 16. Qf5 h4 17. dxe5 Qxe5 18. Qxe5 Bxe5 19. Bxf6 Bxf6 20. Rd7 g5
21. R1d3 Be5 22. Rd8+ Ka7 23. Rxh8 Rxh8 24. Nd1 Re8 25. c3 Bf4 26. Kf1 Rxe4 27.
Ne3 Bxe3 28. Rxe3 Rxe3 29. fxe3 f6 30. Ke2 Kb8 31. Kd3 Kc8 32. Ke4 Kd7 33. Kf5
Ke7 34. a3 b6 35. e4 Kf7 36. c4 c5 37. b3 b5 38. a4 c6 39. e5 fxe5 40. Kxe5 Ke7
41. Kf5 Kd6 42. Kf6 bxc4 43. bxc4 a5 44. Kf5 Ke7 45. Kxg5 Ke6 46. Kxh4 Ke5 47.
g4 1-0

[Event "NJSK 2019 Jeugd C"]
[Site "Assen, Netherlands"]
[Date "2019.05.02"]
[Round "6.1"]
[White "Brandsma, Romayn"]
[Black "Pham, Khoi"]
[Result "0-1"]
[WhiteElo "1958"]
[BlackElo "2140"]
[PlyCount "62"]
[EventDate "2019.??.??"]

1. d4 Nf6 2. Bf4 g6 3. Nc3 d5 4. Qd2 a6 5. f3 Bg7 6. O-O-O O-O 7. Bh6 b5 8. h4
Be6 9. h5 c5 10. g4 cxd4 11. Bxg7 Kxg7 12. hxg6 fxg6 13. Qh6+ Kg8 14. Rxd4 Nc6
15. Rf4 Qc7 16. e3 Qe5 17. Rxf6 Rxf6 18. Qxh7+ Kf8 19. Qh6+ Ke8 20. Kd2 Kd7 21.
f4 Qd6 22. g5 d4 23. Ne4 Qb4+ 24. Kd1 Rf5 25. Bh3 dxe3 26. Bxf5 Bxf5 27. Nf6+
exf6 28. Qg7+ Ne7 29. Nf3 Bg4 30. Kc1 Bxf3 31. Rf1 e2 0-1

[Event "NJSK 2019 Jeugd C"]
[Site "Assen, Netherlands"]
[Date "2019.05.02"]
[Round "6.2"]
[White "Yeh, Timo"]
[Black "Roebers, Eline"]
[Result "1/2-1/2"]
[WhiteElo "1783"]
[BlackElo "2077"]
[PlyCount "131"]
[EventDate "2019.??.??"]

1. d4 f5 2. Bg5 Nf6 3. Nf3 e6 4. e3 Be7 5. c4 d5 6. Nc3 c6 7. Be2 O-O 8. O-O
Nbd7 9. a4 a5 10. Qc2 h6 11. Bxf6 Nxf6 12. Rab1 Bd6 13. Ne5 Qe8 14. f4 Bxe5 15.
fxe5 Ne4 16. Nxe4 fxe4 17. Rxf8+ Qxf8 18. Rf1 Qe7 19. Qb3 Bd7 20. Qxb7 Qd8 21.
Qb3 Rb8 22. Qa3 Rb4 23. cxd5 cxd5 24. Bb5 Bxb5 25. axb5 Rxb5 26. Qd6 Qe8 27.
Qa3 Qd8 28. Qd6 Qxd6 29. exd6 Rb6 30. Ra1 Rxd6 31. Rxa5 Rb6 32. Ra2 Kf7 33. Kf2
Kf6 34. Ke2 e5 35. dxe5+ Kxe5 36. g3 Rb3 37. Kd2 h5 38. h3 g5 39. Ke2 Rb5 40.
Kd2 Rb3 41. Ke2 h4 42. gxh4 gxh4 43. Kf2 Rb5 44. Ke2 Rb4 45. Kd2 Rb3 46. Ke2
Rb5 47. Kd2 Rb3 48. Ke2 Rb6 49. Kf2 Rc6 50. b4 Rb6 51. Rb2 Kd6 52. Ke2 Kc6 53.
Kd2 d4 54. exd4 Kd5 55. Ke3 Rg6 56. b5 Rg3+ 57. Kf4 Rxh3 58. b6 Rf3+ 59. Kg4
Rf8 60. b7 Rb8 61. Rb4 e3 62. Kf3 h3 63. Kxe3 h2 64. Rb1 Rxb7 65. Rh1 Rb3+ 66.
Kf2 1/2-1/2

[Event "NJSK 2019 Jeugd C"]
[Site "Assen, Netherlands"]
[Date "2019.05.02"]
[Round "6.3"]
[White "Labruyere, Roger"]
[Black "Bleeker, Kasper"]
[Result "0-1"]
[WhiteElo "1922"]
[BlackElo "1932"]
[PlyCount "61"]
[EventDate "2019.??.??"]

1. e4 e5 2. Nc3 Nf6 3. f4 d5 4. fxe5 Nxe4 5. Nf3 Be7 6. d3 Nxc3 7. bxc3 c5 8.
Be2 Nc6 9. O-O Be6 10. Bf4 O-O 11. Qe1 f6 12. Rb1 fxe5 13. Bxe5 Nxe5 14. Nxe5
Qc7 15. Bf3 Bd6 16. d4 Rae8 17. Rf2 Bxe5 18. dxe5 b6 19. Rd1 Rd8 20. Rfd2 Qf7
21. Qf2 Qf4 22. Qe2 d4 23. cxd4 Rxd4 24. Rxd4 cxd4 25. a3 Rc8 26. Be4 Rd8 27.
c3 Bg4 28. Qc4+ Kh8 29. Qf1 Qe3+ 30. Kh1 Bxd1 31. Qxd1 0-1

[Event "NJSK 2019 Jeugd C"]
[Site "Assen, Netherlands"]
[Date "2019.05.02"]
[Round "6.7"]
[White "Bakija, Alan"]
[Black "Van der Hagen, Loek"]
[Result "0-1"]
[WhiteElo "1580"]
[BlackElo "1931"]
[PlyCount "96"]
[EventDate "2019.??.??"]

1. Nf3 Nf6 2. g3 g6 3. d4 Bg7 4. Bg2 O-O 5. O-O d6 6. c4 Nc6 7. Nbd2 e5 8. d5
Ne7 9. e4 Nd7 10. Ne1 f5 11. f3 Nf6 12. b4 a5 13. b5 b6 14. Qe2 Bd7 15. Nb3 Rf7
16. Bg5 h6 17. Be3 Kh7 18. Nd2 Qf8 19. Nd3 g5 20. Kh1 Qg8 21. Rg1 Raf8 22. Raf1
Ng6 23. Bf2 g4 24. Ne1 f4 25. Nd3 h5 26. Be1 Bh6 27. a3 Rg7 28. a4 Kh8 29. Bf2
Qh7 30. Re1 fxg3 31. Bxg3 h4 32. Bf2 g3 33. Be3 Bxe3 34. Qxe3 h3 35. Bf1 g2+
36. Bxg2 hxg2+ 37. Rxg2 Rfg8 38. Reg1 Nh4 39. Rxg7 Rxg7 40. Rxg7 Qxg7 41. Qf2
Ng6 42. Nf1 Qh6 43. Ne3 Nf4 44. Ne1 Qg5 45. h4 Qg6 46. Qh2 N6h5 47. Nf1 Bh3 48.
Ne3 Ng3+ 0-1

[Event "NJSK 2019 Jeugd C"]
[Site "Assen, Netherlands"]
[Date "2019.05.02"]
[Round "6.8"]
[White "Franke, Daniel"]
[Black "Kutchoukov, Daniel"]
[Result "0-1"]
[WhiteElo "1465"]
[BlackElo "1862"]
[PlyCount "92"]
[EventDate "2019.??.??"]

1. d4 Nf6 2. c4 e6 3. Nc3 Bb4 4. Bd2 d5 5. e3 O-O 6. Bd3 dxc4 7. Bxc4 Nbd7 8.
Nge2 b6 9. a3 Be7 10. O-O Bb7 11. f3 c5 12. dxc5 Nxc5 13. b4 Nd3 14. Qc2 Ne5
15. Bb3 Rc8 16. Rad1 Ba6 17. Qb1 Nc4 18. Qa2 Qc7 19. b5 Bb7 20. Bxc4 Qxc4 21.
Qxc4 Rxc4 22. Bc1 Rfc8 23. e4 Rxc3 24. Nxc3 Rxc3 25. Bb2 Rc7 26. Rd3 Kf8 27.
Rfd1 Ke8 28. Be5 Rc8 29. Bxf6 Bxf6 30. Rd7 Rd8 31. Rxd8+ Bxd8 32. Kf2 Be7 33.
Ke2 e5 34. a4 Bc8 35. Rd3 Be6 36. Kd1 Bc5 37. Kc2 Bd4 38. Ra3 Bc4 39. g3 Ke7
40. f4 Kd6 41. f5 h5 42. h3 Kc5 43. g4 h4 44. g5 Kb4 45. Rf3 Kxa4 46. f6 g6 0-1

[Event "NJSK 2019 Jeugd C"]
[Site "Assen, Netherlands"]
[Date "2019.05.02"]
[Round "6.9"]
[White "Shadrin, Mitia"]
[Black "Boghossian, Wahe"]
[Result "1/2-1/2"]
[WhiteElo "1692"]
[BlackElo "1820"]
[PlyCount "134"]
[EventDate "2019.??.??"]

1. e4 c5 2. Nf3 d6 3. d4 cxd4 4. Qxd4 Nc6 5. Bb5 Bd7 6. Bxc6 bxc6 7. c4 Qb6 8.
Qd3 Nf6 9. Nc3 e5 10. O-O h6 11. b3 Rd8 12. Na4 Qc7 13. Bb2 c5 14. Nc3 Be7 15.
Ne1 O-O 16. Nc2 Bc6 17. Ne3 Kh8 18. Nf5 Qd7 19. Rfe1 Bxe4 20. Nxe4 Qxf5 21.
Nxc5 Qxd3 22. Nxd3 Nh5 23. Nb4 Bg5 24. Nc6 Rd7 25. Rad1 Nf6 26. g3 h5 27. h4
Bh6 28. Ba3 Rc8 29. Nb4 g6 30. Nd5 Ne8 31. Nc3 Rcd8 32. Ne4 f6 33. Rd5 Bf8 34.
Red1 Nc7 35. R5d3 Ne8 36. Nc3 Kg7 37. c5 Rc8 38. Ne4 f5 39. Nxd6 Nxd6 40. cxd6
Rcd8 41. Rd5 Kf6 42. Ra5 Ra8 43. Rdd5 e4 44. Ra6 Rad8 45. Rc6 Ke6 46. Ra5 Kf6
47. Raa6 Ke6 48. Rc7 Bxd6 49. Rxd7 Rxd7 50. Bxd6 Rxd6 51. Rxa7 Rd1+ 52. Kg2 Rd2
53. Kf1 Rb2 54. Ra4 Kd5 55. Ra6 Kd4 56. Rd6+ Ke5 57. Rxg6 Rxa2 58. Rg5 Rb2 59.
Rxh5 Rxb3 60. g4 Kf4 61. g5 Kf3 62. Ke1 Rb1+ 63. Kd2 Kxf2 64. g6 e3+ 65. Kc2 e2
66. Rxf5+ Kg1 67. Rg5+ Kh2 1/2-1/2

[Event "NJSK 2019 Jeugd C"]
[Site "Assen, Netherlands"]
[Date "2019.05.02"]
[Round "6.10"]
[White "Van Arendonk, Polle"]
[Black "Arnold, Lorin"]
[Result "1/2-1/2"]
[WhiteElo "1803"]
[BlackElo "1598"]
[PlyCount "74"]
[EventDate "2019.??.??"]

1. e4 c5 2. Nf3 Nc6 3. d4 cxd4 4. Nxd4 e5 5. Nb5 d6 6. N1c3 a6 7. Na3 b5 8. Nd5
Nge7 9. c4 Nxd5 10. cxd5 Ne7 11. Bd2 g6 12. Be2 Bg7 13. O-O O-O 14. Qb3 f5 15.
f3 Bb7 16. Rac1 Kh8 17. Kh1 Ng8 18. Bd3 fxe4 19. fxe4 Nf6 20. h3 Nh5 21. Be2
Nf6 22. Bf3 Nd7 23. Be3 Rc8 24. Bg4 Rxf1+ 25. Rxf1 Rc7 26. Bxd7 Rxd7 27. Nc2
Qh4 28. Qd3 Kg8 29. Nb4 Rc7 30. Bd2 h5 31. Nc6 Kh7 32. Ba5 Rc8 33. Rc1 Bh6 34.
Be1 Qf6 35. Rc2 Qf7 36. Bd2 Bxd2 37. Qxd2 Qf1+ 1/2-1/2

[Event "NJSK 2019 Jeugd C"]
[Site "Assen, Netherlands"]
[Date "2019.05.02"]
[Round "6.12"]
[White "Tiggelman, Vincent"]
[Black "Klaren, Duncan"]
[Result "0-1"]
[WhiteElo "1378"]
[BlackElo "1980"]
[PlyCount "74"]
[EventDate "2019.??.??"]

1. e4 c5 2. Nf3 d6 3. Nc3 e5 4. Bc4 Be7 5. d3 Nc6 6. h3 Nf6 7. O-O Nd7 8. Nd5
Nb6 9. Nxe7 Qxe7 10. Bb3 O-O 11. Bg5 Qc7 12. c3 Kh8 13. Nh4 Ne7 14. f4 c4 15.
dxc4 f6 16. fxe5 dxe5 17. c5 Qxc5+ 18. Kh1 Bd7 19. Bd2 Bb5 20. Re1 Nc4 21. Bxc4
Qxc4 22. b3 Qc7 23. c4 Bc6 24. Bb4 Rfd8 25. Qh5 Be8 26. Qg4 Nc6 27. Ba3 Nd4 28.
Rec1 Qf7 29. Nf5 Bd7 30. Nd6 Qg8 31. Qh4 Bc6 32. Qh5 Rd7 33. Rab1 Qe6 34. Nf5
Bxe4 35. Nxd4 Rxd4 36. Rb2 Rad8 37. Bc5 Rd3 0-1

[Event "NJSK 2019 Jeugd C"]
[Site "Assen, Netherlands"]
[Date "2019.05.02"]
[Round "7.7"]
[White "Klaren, Duncan"]
[Black "Bakija, Alan"]
[Result "1-0"]
[WhiteElo "1980"]
[BlackElo "1580"]
[PlyCount "59"]
[EventDate "2019.??.??"]

1. e4 c6 2. d4 d5 3. Nc3 dxe4 4. Nxe4 Nf6 5. Nxf6+ exf6 6. c3 Nd7 7. Bd3 Nb6 8.
Ne2 Be6 9. O-O Bd6 10. Bf4 O-O 11. Bxd6 Qxd6 12. Ng3 g6 13. Ne4 Qe7 14. Qd2 Kg7
15. Rae1 Qc7 16. f4 Bxa2 17. Rf3 Be6 18. f5 Bd5 19. Rh3 h5 20. Rxh5 gxh5 21.
Nxf6 Rh8 22. Qg5+ Kf8 23. Nxh5 f6 24. Qxf6+ Kg8 25. Re7 Qxe7 26. Qxe7 Rxh5 27.
f6 Bf7 28. Bg6 Rf8 29. Bxf7+ Rxf7 30. Qe8+ 1-0

[Event "NJSK 2019 Jeugd C"]
[Site "Assen, Netherlands"]
[Date "2019.05.02"]
[Round "7.8"]
[White "De Heij, Mees"]
[Black "Van Arendonk, Polle"]
[Result "1/2-1/2"]
[WhiteElo "1524"]
[BlackElo "1803"]
[PlyCount "49"]
[EventDate "2019.??.??"]

1. e4 e6 2. d4 d5 3. e5 c5 4. c3 Nc6 5. Nf3 Qb6 6. Be2 Nge7 7. O-O cxd4 8. cxd4
Nf5 9. Nc3 Nfxd4 10. Nxd4 Nxd4 11. Bd3 Nc6 12. Re1 Be7 13. Qg4 g6 14. Rb1 Bd7
15. a3 h5 16. Qg3 O-O-O 17. Qf4 Rdf8 18. Nb5 g5 19. Qa4 a6 20. Be3 d4 21. Bxd4
Nxd4 22. Qxd4 Qxd4 23. Nxd4 Kb8 24. Rbc1 Rc8 25. Be4 1/2-1/2

[Event "NJSK 2019 Jeugd C"]
[Site "Assen, Netherlands"]
[Date "2019.05.03"]
[Round "8.8"]
[White "Van Arendonk, Polle"]
[Black "Bartels, Vladimir"]
[Result "1/2-1/2"]
[WhiteElo "1803"]
[BlackElo "1748"]
[PlyCount "98"]
[EventDate "2019.??.??"]

1. e4 e5 2. Nf3 Nc6 3. Bb5 a6 4. Ba4 Nf6 5. O-O Be7 6. Re1 b5 7. Bb3 d6 8. c3
O-O 9. d4 Bg4 10. h3 Bh5 11. d5 Nb8 12. Nbd2 c5 13. Nf1 c4 14. Bc2 Bg6 15. Ng3
Nh5 16. Nxe5 dxe5 17. Nxh5 Bg5 18. Ng3 Nd7 19. a4 Bxc1 20. Qxc1 h5 21. Qd2 Nc5
22. axb5 axb5 23. Qe2 h4 24. Nf1 Qg5 25. f3 Qe7 26. Ne3 Qb7 27. Ng4 Qe7 28. Qf2
Nd7 29. Ra7 Rxa7 30. Qxa7 f6 31. Ra1 Qc5+ 32. Qxc5 Nxc5 33. Ra5 Rb8 34. Ne3 Kf7
35. Nf1 Ke7 36. Nd2 Kd6 37. b3 cxb3 38. Nxb3 Nxb3 39. Bxb3 Be8 40. Ra6+ Kc7 41.
Ra7+ Rb7 42. Rxb7+ Kxb7 43. Kf2 Bd7 44. g3 g5 45. g4 Kb6 46. c4 b4 47. Ke3 Kc5
48. Kd3 Be8 49. Bd1 Bd7 1/2-1/2

[Event "NJSK 2019 Jeugd C"]
[Site "Assen, Netherlands"]
[Date "2019.05.03"]
[Round "8.10"]
[White "Bakija, Alan"]
[Black "De Putter, Sven"]
[Result "1-0"]
[WhiteElo "1580"]
[BlackElo "1381"]
[PlyCount "49"]
[EventDate "2019.??.??"]

1. Nf3 d5 2. g3 Nf6 3. Bg2 c5 4. O-O e6 5. c4 d4 6. e3 d3 7. Qb3 Nc6 8. Ne1 Be7
9. Nxd3 O-O 10. Qc2 Qc7 11. Nc3 a6 12. b3 Bd6 13. Bb2 e5 14. Nd5 Nxd5 15. cxd5
Ne7 16. Rac1 Bf5 17. e4 Bg6 18. Qc3 Rac8 19. Nxe5 Bxe5 20. Qxe5 Qxe5 21. Bxe5
f5 22. Bd6 Rfe8 23. e5 b6 24. d4 cxd4 25. Rxc8 1-0

[Event "NJSK 2019 Jeugd C"]
[Site "Assen, Netherlands"]
[Date "2019.05.04"]
[Round "9.1"]
[White "Pham, Khoi"]
[Black "Kutchoukov, Daniel"]
[Result "1-0"]
[WhiteElo "2140"]
[BlackElo "1862"]
[PlyCount "83"]
[EventDate "2019.??.??"]

1. d4 Nf6 2. c4 e6 3. Nc3 Bb4 4. f3 c5 5. d5 O-O 6. e4 b5 7. Bd2 bxc4 8. Bxc4
Ba6 9. b3 Bxc3 10. Bxc3 Nxe4 11. fxe4 Qh4+ 12. g3 Qxe4+ 13. Qe2 Qxh1 14. O-O-O
exd5 15. Bxa6 Nxa6 16. Nf3 Qxd1+ 17. Qxd1 d4 18. Nxd4 cxd4 19. Qxd4 f6 20. Qc4+
d5 21. Qxa6 Rac8 22. Kb2 Rfe8 23. Bd4 Rc7 24. a4 Ree7 25. Ka3 Kf7 26. b4 h6 27.
a5 Red7 28. Qd3 Ke6 29. Bc5 Rc6 30. Qe3+ Kf7 31. Bxa7 d4 32. Bxd4 Rcd6 33. Bc3
Re6 34. Qc5 Rd3 35. Ka4 Rd1 36. Kb5 Rdd6 37. Bd4 Ke7 38. Qc7+ Ke8 39. Bc5 Rd1
40. a6 Re5 41. a7 Ra1 42. Qc8+ 1-0

[Event "NJSK 2019 Jeugd C"]
[Site "Assen, Netherlands"]
[Date "2019.05.04"]
[Round "9.2"]
[White "Slagboom, Leandro"]
[Black "Roebers, Eline"]
[Result "1/2-1/2"]
[WhiteElo "1738"]
[BlackElo "2077"]
[PlyCount "63"]
[EventDate "2019.??.??"]

1. Nf3 g6 2. e4 Bg7 3. d4 d6 4. Nc3 Nf6 5. Bc4 O-O 6. h3 c6 7. O-O b5 8. Bd3
Qc7 9. a4 b4 10. Ne2 e5 11. c3 bxc3 12. bxc3 Nbd7 13. Ba3 Re8 14. Ng3 d5 15.
Re1 dxe4 16. Nxe4 Nxe4 17. Bxe4 exd4 18. cxd4 Nf6 19. Bd3 Be6 20. Rc1 Bd5 21.
Ne5 Qb7 22. Bc4 Nd7 23. Bxd5 cxd5 24. Nc6 Nf6 25. Re5 Kh8 26. Qf3 Rac8 27.
Rxe8+ Rxe8 28. Ne5 Kg8 29. Qc3 Nd7 30. Nc6 Kh8 31. Qa5 Nb6 32. Qxa7 1/2-1/2

[Event "NJSK 2019 Jeugd C"]
[Site "Assen, Netherlands"]
[Date "2019.05.04"]
[Round "9.3"]
[White "Klaren, Duncan"]
[Black "Brandsma, Romayn"]
[Result "1-0"]
[WhiteElo "1980"]
[BlackElo "1958"]
[PlyCount "163"]
[EventDate "2019.??.??"]

1. e4 e5 2. Nf3 Nc6 3. d4 exd4 4. Nxd4 Nf6 5. Nxc6 bxc6 6. e5 Qe7 7. Qe2 Nd5 8.
c4 Ba6 9. Nd2 g6 10. Nf3 Bg7 11. Bg5 f6 12. exf6 Qxe2+ 13. Bxe2 Nxf6 14. O-O-O
O-O-O 15. b3 Rde8 16. Rhe1 Ne4 17. Be3 Bc3 18. Rf1 Nxf2 19. Rxf2 Rxe3 20. Ng5
Bf6 21. Nf7 Rf8 22. Rxf6 Rxe2 23. Nd6+ cxd6 24. Rxf8+ Kc7 25. Rd2 Re6 26. Rh8
Re7 27. Rf2 c5 28. Kd2 Bb7 29. g3 Bc6 30. Rhf8 Re4 31. R8f4 Re5 32. Re2 Rh5 33.
h4 Kb7 34. Re7 Kc7 35. Rff7 h6 36. Rg7 g5 37. hxg5 hxg5 38. Rh7 Rxh7 39. Rxh7
g4 40. Rg7 Bf3 41. Ke3 a5 42. Kf4 Kc6 43. Rg8 Bd1 44. Ra8 Kb6 45. Rb8+ Kc6 46.
Rb5 a4 47. bxa4 Bxa4 48. Ra5 Bd1 49. Ra6+ Kc7 50. Ra3 Be2 51. Rc3 Bd1 52. Rc1
Be2 53. Ke3 Bf3 54. Rf1 d5 55. cxd5 Bxd5 56. a4 Kb6 57. Rb1+ Ka5 58. Rb5+ Kxa4
59. Rxc5 Bf3 60. Kd4 d6 61. Rc1 Kb5 62. Ke3 Kb4 63. Kf4 Kb5 64. Kf5 Kb6 65. Ke6
d5 66. Ke5 Kb5 67. Kd4 Kb6 68. Rc5 Kb7 69. Rxd5 Kc7 70. Re5 Kd6 71. Re1 Bg2 72.
Re8 Kd7 73. Rg8 Bf3 74. Ke5 Ke7 75. Rg7+ Kf8 76. Kf6 Be2 77. Rb7 Kg8 78. Kg6
Kf8 79. Rf7+ Kg8 80. Re7 Bd3+ 81. Kg5 Kf8 82. Re3 1-0

[Event "NJSK 2019 Jeugd C"]
[Site "Assen, Netherlands"]
[Date "2019.05.04"]
[Round "9.4"]
[White "Jakhari, Ansh"]
[Black "Bleeker, Kasper"]
[Result "0-1"]
[WhiteElo "1630"]
[BlackElo "1932"]
[PlyCount "46"]
[EventDate "2019.??.??"]

1. e4 e5 2. Nf3 Nc6 3. Nc3 Nf6 4. d4 exd4 5. Nxd4 Bb4 6. Nxc6 bxc6 7. Bd3 d5 8.
exd5 Nxd5 9. Bd2 Qf6 10. Nxd5 Bxd2+ 11. Qxd2 cxd5 12. c3 O-O 13. O-O Bf5 14.
Rad1 Rad8 15. Bxf5 Qxf5 16. Qd4 Rfe8 17. Rfe1 h6 18. h3 a6 19. Rxe8+ Rxe8 20.
Qxd5 Re1+ 21. Kh2 Qf4+ 22. g3 Qxf2+ 23. Qg2 Qxg2+ 0-1

[Event "NJSK 2019 Jeugd C"]
[Site "Assen, Netherlands"]
[Date "2019.05.04"]
[Round "9.5"]
[White "Van der Hagen, Loek"]
[Black "Boghossian, Wahe"]
[Result "1/2-1/2"]
[WhiteElo "1931"]
[BlackElo "1820"]
[PlyCount "78"]
[EventDate "2019.??.??"]

1. e4 c5 2. Nf3 d6 3. d4 cxd4 4. Nxd4 Nf6 5. Nc3 a6 6. Bg5 e5 7. Nf5 Bxf5 8.
exf5 Be7 9. g3 Nbd7 10. Bg2 Rb8 11. a4 O-O 12. O-O h6 13. Be3 Nb6 14. b3 Qc7
15. a5 Nbd7 16. Nd5 Nxd5 17. Bxd5 Qc8 18. Bg2 Nf6 19. g4 Qd7 20. h3 d5 21. f4
exf4 22. Bxf4 Rbc8 23. Qd3 Rfd8 24. Kh1 Qb5 25. Qxb5 axb5 26. Rf2 Bb4 27. Re2
Bc3 28. Ra2 Rd7 29. Bf3 Kh7 30. Kg2 Ra8 31. Bd2 Rc8 32. a6 bxa6 33. Rxa6 Bxd2
34. Rxd2 Rdc7 35. Ra2 Rc3 36. h4 R8c5 37. Kf2 Ne4+ 38. Bxe4 dxe4 39. Re2 Re5
1/2-1/2

[Event "NJSK 2019 Jeugd C"]
[Site "Assen, Netherlands"]
[Date "2019.05.04"]
[Round "9.9"]
[White "Van Kuijk, Vadim"]
[Black "Van Arendonk, Polle"]
[Result "0-1"]
[WhiteElo "1589"]
[BlackElo "1803"]
[PlyCount "102"]
[EventDate "2019.??.??"]

1. d4 Nf6 2. Bf4 g6 3. Nf3 Bg7 4. e3 O-O 5. Nbd2 c5 6. c3 d6 7. Be2 b6 8. O-O
Bb7 9. a4 a6 10. Nc4 Nbd7 11. Qb3 Qc7 12. Rfd1 Bd5 13. Nfd2 Qc6 14. dxc5 b5 15.
cxd6 bxc4 16. Bxc4 exd6 17. Bxd5 Nxd5 18. Bxd6 Qxd6 19. Ne4 Qb6 20. Qxd5 Nf6
21. Nxf6+ Bxf6 22. Qd6 Rab8 23. a5 Qxd6 24. Rxd6 Be5 25. Rb6 Rfd8 26. f4 Bc7
27. Rc6 Rdc8 28. Ra2 Ra8 29. g3 Kf8 30. Ra4 Bd8 31. Rxc8 Rxc8 32. Kf2 Ke7 33.
Re4+ Kd7 34. Ke2 Rc5 35. Rd4+ Kc7 36. Ra4 Kc6 37. e4 Rxa5 38. Rxa5 Bxa5 39. Kd3
Bb6 40. g4 Bc7 41. Ke3 g5 42. fxg5 Bxh2 43. c4 Kc5 44. b3 Be5 45. Kd3 Kb4 46.
Kc2 Bf4 47. Kd3 Be5 48. Kc2 a5 49. Kd3 Kxb3 50. c5 a4 51. c6 a3 0-1

[Event "NJSK 2019 Jeugd C"]
[Site "Assen, Netherlands"]
[Date "2019.05.04"]
[Round "9.12"]
[White "Labruyere, Roger"]
[Black "Yeh, Timo"]
[Result "0-1"]
[WhiteElo "1922"]
[BlackElo "1783"]
[PlyCount "56"]
[EventDate "2019.??.??"]

1. e4 e5 2. Nc3 Nf6 3. g3 Bc5 4. Bg2 d6 5. Nge2 Nc6 6. O-O O-O 7. Na4 Bb6 8.
Nxb6 axb6 9. d3 Re8 10. c3 d5 11. exd5 Nxd5 12. d4 exd4 13. Nxd4 Nxd4 14. Qxd4
Be6 15. Bf4 c5 16. Qd2 Nxf4 17. Qxf4 Rxa2 18. Rxa2 Bxa2 19. Bxb7 Qe7 20. Bc6
Rd8 21. Be4 g6 22. Re1 Qd6 23. Qh4 Re8 24. Re3 Qd1+ 25. Kg2 Bc4 26. Kh3 Rxe4
27. Qxe4 Bf1+ 28. Qg2 Qh5# 0-1